000 01386nam2a2200241 4500
001 RU\NLR\BIBL_A\016344194
005 20250625050850.0
035 _a(NLR Aleph) 016344194
090 _a13101078
_c13101078
100 _a20230414d2023 |||y0rusy50 ca
101 0 _arus
102 _aRU
200 1 _aЕвразийские клинические рекомендации по диагностике и лечению вторичных (симптоматических) форм артериальной гипертонии (2022)
_dEurasian clinical guidelines for the diagnosis and treatment of secondary (symptomatic) forms of arterial hypertension (2022)
_zeng
210 _d2023
_aБ. м.
461 0 _1001RU\NLR\Per\895291
_12001#$aЕвразийский кардиологический журнал$dEurasian heart journal$zeng$v2023, 1 (42)
_93114296
_cМосква
_d2011 -
_lEurasian heart journal
_nИнтерМедсервис
_tЕвразийский кардиологический журнал
_x2225-1685
_v2023, 1 (42)
510 1 _aEurasian clinical guidelines for the diagnosis and treatment of secondary (symptomatic) forms of arterial hypertension (2022)
_zeng
606 1 _aГипертония
_jСборники
_9907818
_3RU\NLR\AUTH\6611292
686 1 _aР410.030я43
852 _aNLR
_jП17/1535
942 _cISSUE
980 _aNB
980 _aRUSPER